Il ballo degli amanti perduti /

Guardat en:
Dades bibliogràfiques
Autor principal: Farinetti, Gianni
Format: Llibre
Idioma:italià
Publicat: Venezia : Marsilio, 2016
Col·lecció:Farfalle ; 243
Etiquetes: Afegir etiqueta
Sense etiquetes, Sigues el primer a etiquetar aquest registre!

MARC

LEADER 00000nam a22000007i 4500
001 IT\ICCU\MOD\1656606
003 ItRI
005 20240720171643.0
008 160419s2016 it |||||| ||||| |||||c
020 |a 9788831723701 
040 |b ita  |c C 
041 7 |a ita  |2 ISO-639-2 
082 |a 853.914  |2 21 
100 1 |a Farinetti, Gianni  |0 IT\ICCU\RAVV\096498 
240 1 3 |a Il ballo degli amanti perduti  |9 Farinetti, Gianni 
245 1 3 |a Il ballo degli amanti perduti /  |c Gianni Farinetti. 
260 |a Venezia :  |b Marsilio,  |c 2016 
300 |a 353 p. ;  |c 21 cm 
830 0 |a Farfalle ;  |v 243  |0 IT\ICCU\RAV\0252370 
942 |2 ddc  |c BK 
952 |0 0  |1 0  |2 ddc  |4 0  |6 853_900000000000000_FAR_BAL  |7 1  |9 1651  |a GE  |b GE  |d 2024-07-20  |l 0  |o 853.9 FAR BAL  |p 1214  |r 2024-07-20 17:18:06  |w 2024-07-20  |x Donazione di Alvaro Bazzano  |y BK  |z Donazione AB 
981 1 |6 z01  |a i   |b xxxe  
982 1 |6 z01  |a n 
999 |c 1468  |d 1468